000 00278pam a2200121 a 4500
020 _c
041 _h
100 _aBanwari Lal M.R.V.P.Reddy
245 _aWeath from waste second Edition
260 _bTeri Energy And research Delhi
_c2005
300 _a175
930 _a1654
999 _c247507
_d247507